Hypoxia inducible factor 1alpha signaling in fractionated radiation-induced lung injury : Role of oxidative stress and tissue hypoxia /
Đã lưu trong:
| 其他作者: | , , , , , , , , , , |
|---|---|
| 格式: | Bài viết |
| 語言: | English |
| 主題: | |
| 標簽: |
添加標簽
沒有標簽, 成為第一個標記此記錄!
|
| Thư viện lưu trữ: | Thư viện Trường Đại học Đà Lạt |
|---|
| LEADER | 01212nam a2200409 4500 | ||
|---|---|---|---|
| 001 | DLU110117855 | ||
| 005 | ##20101221 | ||
| 040 | # | # | |a DLU |b eng |
| 041 | # | # | |a eng |
| 044 | # | # | |a us |
| 245 | # | # | |a Hypoxia inducible factor 1alpha signaling in fractionated radiation-induced lung injury : Role of oxidative stress and tissue hypoxia / |c Z. N. Rabbani ... [et al.]. |
| 653 | # | # | |a Angiogenesis |
| 653 | # | # | |a HIF1alpha expression |
| 653 | # | # | |a Inflammation |
| 653 | # | # | |a Oxidative stress |
| 653 | # | # | |a Tissue hypoxia |
| 700 | # | # | |a Anscher, M. S. |
| 700 | # | # | |a Clary, B. |
| 700 | # | # | |a Delong, M. |
| 700 | # | # | |a Fleckenstein, K. |
| 700 | # | # | |a Jackson, I. L. |
| 700 | # | # | |a Mi, J. |
| 700 | # | # | |a Rabbani, Z. N. |
| 700 | # | # | |a Salahuddin, F. K. |
| 700 | # | # | |a Vujaskovic, Z. |
| 700 | # | # | |a Zhang, X. |
| 700 | # | # | |a Zhang, Y. |
| 773 | # | # | |t Radiation Research |g Vol. 173, no. 2 (February 2010), p. 165-174 |
| 920 | # | # | |a Phòng Tạp chí -- Trung tâm Thông tin - Thư viện Trường Đại học Đà Lạt |
| 994 | # | # | |a DLU |
| 900 | # | # | |a True |
| 911 | # | # | |a Trương Bảo Trâm Anh |
| 925 | # | # | |a G |
| 926 | # | # | |a A |
| 927 | # | # | |a BB |
| 980 | # | # | |a Thư viện Trường Đại học Đà Lạt |